Les bestiaires

Shranjeno v:
Bibliografske podrobnosti
Glavni avtor: Montherlant, Henry de
Format: Knjiga
Jezik:Undetermined
Izdano: París, Francia Larousse 1953
Teme:
Oznake: Označite
Brez oznak, prvi označite!

MARC

LEADER 00000nam a2200000Ia 4500
008 170316s9999 xx 000 0 und d
040 |a cru BVZT 
090 |a 840 M-25b 
100 |a Montherlant, Henry de 
245 |a Les bestiaires 
260 |a París, Francia 
260 |b Larousse 
260 |c 1953 
300 |a 120 páginas 
650 |a LITERATURA FRANCESA 
999 |c 7838  |d 7838 
942 |c 15 D  |h 840 M-25b  |2 z